Statistics for Countries with the most natural disasters

Click here to take the quiz!

General Stats

  • This quiz has been taken 32 times
  • The average score is 5 of 10

Answer Stats

Answer% Correct
United States
92%
China
69%
Philippines
69%
Indonesia
65%
Brazil
46%
Vietnam
46%
Colombia
42%
Venezuela
42%
Thailand
31%
Afghanistan
15%

Score Distribution

Percentile by Number Answered

Percent of People with Each Score

Your Score History

You have not taken this quiz